What college did these NFL players go to. - Statistics

General Stats
  • This quiz has been taken 320 times
  • The average score is 18 of 32
Answer Stats
Player College % Correct
Odell Beckham Jr. LSU
97%
Amari Cooper Alabama
92%
Cam Newton Auburn
92%
Josh Allen (Bills) Wyoming
87%
Kadarius Toney Florida
86%
Deandre Hopkins Clemson
85%
Mike Evans Texas A&M
84%
Travis Kelce Cincinnati
82%
Denzel Ward Ohio State
82%
TJ Watt Wisconsin
81%
Penei Sewell Oregon
76%
Derwin James Jr. Florida State
75%
Derek Carr Fresno St
74%
Marquise Brown Oklahoma
71%
Miles Sanders Penn St
64%
Khalil Mack Buffalo
60%
Taysom Hill BYU
53%
Davis Mills Stanford
52%
Tyler Lockett Kansas State
45%
Jaire Alexander Louisville
44%
Braxton Berrios Miami
43%
Kyle Juszczyk Harvard
41%
Hayden Hurst South Carolina
41%
Harrison Smith Notre Dame
39%
Taylor Heinicke Old Dominion
30%
Xavien Howard Baylor
25%
T.Y Hilton Florida International
23%
Justin Simmons Boston College
19%
Kevin Byard Middle Tennessee
16%
Jessie Bates III Wake Forest
16%
Matthew Judon Grand Valley St
10%
James Robinson Illinois St.
10%
No matching quizzes found
Score Distribution
Percent of People with Each Score
Percentile by Number Answered
Your Score History
You have not taken this quiz